Players of National Teams - Ecuador - Statistics

General Stats
  • This quiz has been taken 5 times
  • The average score is 9 of 28
Answer Stats
Pos. Team Player % Correct
DM Chelsea FC Moisés Caicedo
100%
CB Paris Saint-Germain Willian Pacho
75%
CB Club Brugge Joel Ordóñez
50%
LW Sunderland AFC Nilson Angulo
50%
CB Arsenal FC Piero Hincapié
50%
CM Atlético Mineiro Alan Franco
25%
RW Atlético Mineiro Alan Minda
25%
RB Atlético Mineiro Angelo Preciado
25%
GK Botafogo Cristhian Loor
25%
LB Lokomotiv Moscow Cristian Ramírez
25%
CM FC Midtjylland Denil Castillo
25%
FW CF Pachuca Enner Valencia
25%
CB Internaiconal Félix Torres
25%
RW CR Flamengo Gonzalo Plata
25%
GK CA Huracán Hernán Galíndez
25%
FW VfB Stuttgart Jeremy Arévalo
25%
LB Sparta Prague Jhoanner Chávez
25%
LW Sparta Prague John Mercado
25%
AM Venezia FC John Yeboah
25%
DM Independiente del Valle Jordy Alcívar
25%
AM River Plate Kendry Páez
25%
FW Union Saint-Gilloise Kevin Rodríguez
25%
FW New England Revolution Leonardo Campana
25%
CB FC Famalicão Léo Realpe
25%
GK AE Kifisias Moisés Ramírez
25%
AM Independiente del Valle Patrik Mercado
25%
AM UNAM Punas Pedro Vite
25%
LB KRC Genk Yaimar Medina
25%
No matching quizzes found
Score Distribution
Percent of People with Each Score
Percentile by Number Answered
Your Score History
You have not taken this quiz